|
|
|
|
| LEADER |
00631nta a2200169 i 4500 |
| 001 |
dipl91420 |
| 005 |
20200629074118.0 |
| 008 |
200623s1964 hu om 0|| zxx d |
| 040 |
|
|
|a SZTE Diploma Repozitórium
|b hun
|
| 041 |
|
|
|a zxx
|
| 100 |
1 |
|
|a Vizi Istvánné
|
| 245 |
1 |
0 |
|a Móricz Zsigmond kritikai látásmódjának elmélyülése az "Uri muritól" a "Rokonokig"
|h [elektronikus dokumentum] /
|c Istvánné Vizi
|
| 260 |
|
|
|c 1964
|
| 650 |
|
4 |
|a Bölcsészettudományok
|
| 650 |
|
4 |
|a Languages and Literature
|
| 700 |
1 |
|
|a nincs megadva
|e ths
|
| 856 |
4 |
0 |
|u http://diploma.bibl.u-szeged.hu/id/eprint/91420/1/1964_vizi_istvanne.pdf
|z Dokumentum-elérés
|